000 00575nam a2200169 i 4500
001 89586
003 ES-MaACL
005 20230906180227.0
007 t|
008 050111s1914 fr ||||1| fre d
100 1 _aLa Valette Monbrun, A de.
_969187
245 1 0 _aMaine de Biran
_b: critique et disciple de Pascal d'aprés de nombreux documents inedits /
_cpar A. de La Valette Monbrun.
260 _aParis :
_b[Jouve et Cº],
_c1914.
300 _aV, 322 p. ;
_c23 cm.
600 0 4 _aMaine de Biran, Pierre-
_xCrítica e interpretación.
_975597
852 _aES-MaACL
_jB-6841
999 _c89586
_d89586